Ψυχολογία και θρησκεία
Αποθηκεύτηκε σε:
| Κύριος συγγραφέας: | |
|---|---|
| Άλλοι συγγραφείς: | |
| Μορφή: | Βιβλίο |
| Γλώσσα: | Greek English |
| Δημοσίευση: |
Αθήνα :
Αρίων,
1978.
|
| Θέματα: | |
| Ετικέτες: |
Προσθήκη ετικέτας
Δεν υπάρχουν, Καταχωρήστε ετικέτα πρώτοι!
|
MARC
| LEADER | 00000cam a2200000 i 4500 | ||
|---|---|---|---|
| 001 | 1/29132 | ||
| 008 | 960808s1978 gr | ||| |||| ||gre|| | ||
| 035 | |l 10023164 | ||
| 040 | |a GR-MY-UA |b gre |e aacr | ||
| 041 | 1 | |a gre |h eng | |
| 082 | 7 | |a 291.175 |2 (22) | |
| 100 | 1 | |a Jung, C. G. |q (Carl Gustav), |d 1875-1961. | |
| 245 | 1 | 0 | |a Ψυχολογία και θρησκεία / |c Carl Gustay Jung ; μετάφραση: Ελ. Σταματοπούλου. |
| 260 | |a Αθήνα : |b Αρίων, |c 1978. | ||
| 300 | |a 98 σ. ; |c 24 εκ. | ||
| 500 | |a Μετάφραση του: Psychology and religion | ||
| 650 | 0 | 0 | |a Psychology, Religious. |
| 700 | 1 | |a Σταματοπούλου, Ελένη. |e trlf | |
| 852 | |a INST |b CHIOS |e 19960808 |h 291.175 JUN |p 005200008548 |q 005200008548 |t BK |y 0 | ||
| 909 | |a Χ |b 016152 | ||
| 970 | |z 2004-04 | ||